[Event "Seville-ch"]
[Site "Seville"]
[Date "2017.02.25"]
[Round "5"]
[White "Ferrer Freyre, David"]
[Black "Sierra Jimenez, Luis Manuel"]
[Result "1-0"]
[WhiteElo "2019"]
[BlackElo "1897"]
[PlyCount "89"]
[EventDate "2017.01.28"]
[EventType "swiss"]
[EventRounds "9"]
[EventCountry "ESP"]
[SourceTitle "EXT 2018"]
[Source "ChessBase"]
[SourceDate "2017.10.13"]
[SourceVersion "1"]
[SourceVersionDate "2017.10.13"]
[SourceQuality "1"]

1. e4 d6 2. d4 Nf6 3. Nc3 c6 4. Nf3 Bg4 5. h3 Bh5 6. Bd3 e6 7. Ne2 Bxf3 8. gxf3 d5 9. e5 Nfd7 10. Rg1 c5 11. c3 Nc6 12. a3 g6 13. Be3 Qb6 14. b4 cxb4 15. cxb4 a5 16. b5 Ne7 17. Qa4 Nf5 18. Bg5 Be7 19. Bxf5 gxf5 20. Bd2 Bh4 21. f4 f6 22. Be3 Kf7 23. Kd2 Rhg8 24. Nc3 fxe5 25. fxe5 f4 26. Bxf4 Bxf2 27. Rgf1 Rg2 28. Be3 Nxe5 29. Rxf2+ Rxf2+ 30. Bxf2 Nc4+ 31. Ke1 Qd6 32. Qd1 Rg8 33. Qh5+ Kg7 34. Qg5+ Kf7 35. Qh5+ Kg7 36. Qf3 Rf8 37. Qg3+ Qxg3 38. Bxg3 Rf3 39. Ne2 Nxa3 40. Rc1 Nxb5 41. Be5+ Kf7 42. Rb1 Nc3 43. Rxb7+ Kg6 44. Rb3 Rxh3 45. Nf4+ 1-0